60s & 70s Cartoons by Picture - Statistics

General Stats
  • This quiz has been taken 612 times
    592 since last reset
  • The average score is 13 of 21
Answer Stats
Picture Answer % Correct
The Flintstones
95%
The Alvin Show
94%
The Bugs Bunny Show
94%
The Pink Panther Show
93%
Scooby-Doo, Where Are You!
92%
The Tom and Jerry Show
88%
The Jetsons
84%
The Yogi Bear Show
76%
Josie and the Pussycats
72%
Fat Albert and the Cosby Kids
65%
Underdog
53%
Top Cat
44%
Captain Caveman and the Teen Angels
40%
Jonny Quest
40%
Schoolhouse Rock!
39%
Atom Ant
38%
Hong Kong Phooey
32%
Wacky Races
32%
Space Ghost
31%
Super Friends
29%
The Secret Squirrel Show
26%
No matching quizzes found
Score Distribution
Percent of People with Each Score
Percentile by Number Answered
Your Score History
You have not taken this quiz since the last reset